Central Library OPAC University of Rajshahi

Manon Lescaut / (Record no. 30313)

MARC details
000 -LEADER
fixed length control field 01436nam a22003252a 4500
001 - CONTROL NUMBER
control field 30313
003 - CONTROL NUMBER IDENTIFIER
rucl marc code BD-RJUL
005 - DATE AND TIME OF LATEST TRANSACTION
control field 20211209051538.0
008 - FIXED-LENGTH DATA ELEMENTS--GENERAL INFORMATION
fixed length control field 140409s19511929xx 000 0 eng d
035 ## - SYSTEM CONTROL NUMBER
System control number (BD-RJUL)30398
System control number OCLC ocm01646333 from D960816M
040 ## - CATALOGING SOURCE
Original cataloging agency VTJ
Transcribing agency VTJ
Modifying agency EQO
Language of cataloging eng
041 ## - LANGUAGE CODE
Language code of text/sound track or separate title eng
082 ## - DEWEY DECIMAL CLASSIFICATION NUMBER
Classification number 843
Author mark and year PRM 1951
100 1# - MAIN ENTRY--PERSONAL NAME
Personal name Prévost,
Dates associated with a name 1697-1763.
9 (RLIN) 92145
245 10 - TITLE STATEMENT
Title Manon Lescaut /
Statement of responsibility, etc. Antoine Prévost, & Carmen by Prosper Mérimée
260 ## - PUBLICATION, DISTRIBUTION, ETC. (IMPRINT)
Place of publication, distribution, etc. London :
Name of publisher, distributor, etc. Dent ;
Place of publication, distribution, etc. New York :
Name of publisher, distributor, etc. Dutton,
Date of publication, distribution, etc. C1929 [Reprinting 1951]
300 ## - PHYSICAL DESCRIPTION
Pagination xv, 216 p. ;
Size 18 cm
490 1# - SERIES STATEMENT
Series statement Half-title: Everyman's library, ed. by Ernest Rhys. Fiction. [no. 834]
500 ## - GENERAL NOTE
General note Life and bibliography of Prévost: p. xiii-xiv
General note Life and bibliography of Mérimée: p. xiv
505 0# - FORMATTED CONTENTS NOTE
Formatted contents note Manon Lescaut; tr. from the French of l'Abbe Prévost by D. C. Moylan.--Carmen; tr. from the French of Prosper Mérimée by Edmund H. Garrett, with a memoir of the author by Louise Imogen Guiney
700 1# - ADDED ENTRY--PERSONAL NAME
Personal name Mérimée, Prosper,
Dates associated with a name 1803-1870.
Personal name Moylan, D. C.
Fuller form of name (Denis Creagh)
Personal name Garrett, Edmund H.
Fuller form of name (Edmund Henry),
Dates associated with a name 1853-1929.
830 #0 - SERIES ADDED ENTRY--UNIFORM TITLE
Uniform title Half-title: Everyman's library, ed. by Ernest Rhys. Fiction. [no. 834]
856 41 - ELECTRONIC LOCATION AND ACCESS
Materials specified Bodleian Library Fic. 2755 f.136
Uniform Resource Identifier <a href="http://purl.ox.ac.uk/uuid/023e8558373848f7a1cd62c030d8fcc3">http://purl.ox.ac.uk/uuid/023e8558373848f7a1cd62c030d8fcc3</a>
942 ## - ADDED ENTRY ELEMENTS (KOHA)
Source of classification or shelving scheme Dewey Decimal Classification
Koha item type Books
Holdings
Lost status Source of classification or shelving scheme Damaged status Not for loan Collection code Permanent Location Current Location Shelving location Date acquired Source of acquisition Cost, normal purchase price Total Checkouts Full call number Date last seen Copy number Koha item type
  Dewey Decimal Classification     Non-fiction Central Library, University of Rajshahi Central Library, University of Rajshahi   14/09/1955 B. H. Blackwell 55.00   843 PRM 1951 09/04/2014 C-2 Books
  Dewey Decimal Classification     Non-fiction Central Library, University of Rajshahi Central Library, University of Rajshahi General Stacks 21/09/1955 B.H. blackwood     843 PRM 1951 09/08/2025 C-1 Books